000 00834nam a22002897a 4500
001 0004271
003 KOHA_MİRAKIL
005 20260207001406.0
007 ta
008 090925b1999 tu |||gr||||#0|||0|tur |
020 _a9757268283
040 _aTR-BiSEU
_btur
_cTR-BiSEU
_erda
041 0 _atur
044 _ctu
050 _aDR486
_b.A34 1999
100 1 _aAkgündüz, Ahmed.
245 1 _a700. yılında bilinmeyen Osmanlı/
_cAhmed Akgündüz ; Ahmed Akgündüz, Said Öztürk.
264 1 _aİstanbul :
_bOsmanlı Araştırmaları Vakfı,1999.
_c1999
300 _a527 sayfa
336 _ametin
_btxt
_2rdacontent
337 _aaracısız
_bn
_2rdamedia
338 _acilt
_bnc
_2rdacarrier
500 _aKaynakça ve dizin var.
650 0 _aLaw--Turkey--History.
_910483
907 _aTarih
942 _2lcc
_cBK
999 _c4254
_d4254